000 01022nas a2200337 4500
001 BR0804804
003 BR-BrBNA
005 20231205111906.0
007 ta
008 230509b bl.|||p| |||| 00| 00por d
040 _aBR-BrBNA
_bpor
_cBiblioteca Nacional de Agricultura
041 _a(Pt)
072 _aS01; Q02; Q04
100 1 _aSá, M.E.L. de
100 1 _aCiabotti, S.
100 1 _aBarcelos, M.de F. P.
245 1 _aFormas de consumo da soja
650 _aSOJA
650 _aALIMENTO VEGETAL
650 _aCONSUMO ALIMENTAR
650 _aCOMPOSIÇÃO DE ALIMENTO
650 _aDISPONIBILIDADE DE NUTRIENTE
650 _aPROTEÍNA TEXTURIZADA
650 _aSUBPRODUTO
650 _aINDÚSTRIA ALIMENTÍCIA
650 _aOLEO VEGETAL
650 _aLECITINA
773 0 _tInforme agropecuário - Empresa de Pesquisa Agropecuária de Minas Gerais (Brazil)
_xISSN 0100-3364
_g(Jan-Feb 2006), v. 27(230) p. 47-58
_wBR0804804
909 _a202311
_bLúcia
_c55
_dLúcia Elande
942 _2AGRIS
_n0
_cANA
999 _c194994
_d194994